A guide for U.G.C. examination for physical education / (Record no. 134583)

MARC details
000 -LEADER
fixed length control field 00659nam a22002177a 4500
005 - DATE AND TIME OF LATEST TRANSACTION
control field 20170124110230.0
010 ## - LIBRARY OF CONGRESS CONTROL NUMBER
LC control number B-129171
020 ## - INTERNATIONAL STANDARD BOOK NUMBER
Terms of availability 950.00
International Standard Book Number 8178791021
035 ## - SYSTEM CONTROL NUMBER
System control number B-129171
037 ## - SOURCE OF ACQUISITION
Source of stock number/acquisition Cen Lib/Ret
040 ## - CATALOGING SOURCE
Original cataloging agency DPL
Language of cataloging EN
082 ## - DEWEY DECIMAL CLASSIFICATION NUMBER
Classification number 000
Item number SUR
100 ## - MAIN ENTRY--PERSONAL NAME
Personal name Suresh Kutty K.
9 (RLIN) 41150
245 ## - TITLE STATEMENT
Title A guide for U.G.C. examination for physical education /
Statement of responsibility, etc by Suresh Kutty K.
260 ## - PUBLICATION, DISTRIBUTION, ETC. (IMPRINT)
Place of publication, distribution, etc New Delhi
Name of publisher, distributor, etc Sports Publications
Date of publication, distribution, etc 2004
270 ## - ADDRESS
Address 4261/3, Ansari Road, Darya Ganj
City New Delhi
Postal code 110002
300 ## - PHYSICAL DESCRIPTION
Extent 612p.
Dimensions 20cm(Hb)
650 ## - SUBJECT ADDED ENTRY--TOPICAL TERM
Topical term or geographic name as entry element Physical education
9 (RLIN) 22886
650 ## - SUBJECT ADDED ENTRY--TOPICAL TERM
Topical term or geographic name as entry element Health
9 (RLIN) 63324
942 ## - ADDED ENTRY ELEMENTS (KOHA)
Source of classification or shelving scheme Dewey Decimal Classification
Koha item type English Books
Classification part 000
Call number suffix SUR
Holdings
Withdrawn status Lost status Damaged status Not for loan Home library Current library Date acquired Source of acquisition Cost, normal purchase price Total Checkouts Full call number Barcode Date last seen Copy number Cost, replacement price Price effective from Koha item type
        Central Library Central Library 30/07/2015 Cen Lib/Ret 950.00   000 SUR B-129171 30/07/2015 1 950.00 30/07/2015 English Books

© Delhi Public Library
Hit Counter
free hit counter